Libro de las tribulaciones / (Record no. 110108)

MARC details
000 -LEADER
campo de control de longitud fija 00804nam a2200217 4500
001 - NÚMERO DE CONTROL
campo de control 110108
003 - IDENTIFICADOR DE NÚMERO DE CONTROL
campo de control ES-MaACL
005 - FECHA Y HORA DE LA ÚLTIMA TRANSACCIÓN
campo de control 20250728030708.0
007 - CAMPO FIJO DE DESCRIPCIÓN FÍSICA--INFORMACIÓN GENERAL
campo de control de longitud fija t|
008 - DATOS DE LONGITUD FIJA--INFORMACIÓN GENERAL
campo de control de longitud fija 061121s1981 sp r ||||1| spa d
100 1# - ENTRADA PRINCIPAL--NOMBRE DE PERSONA
Nombre de persona Mojica, Vicente.
9 (RLIN) 81827
245 10 - MENCIÓN DEL TÍTULO
Título Libro de las tribulaciones /
Mención de responsabilidad, etc. Vicente Mojica.
260 ## - PUBLICACIÓN, DISTRIBUCIÓN, ETC.
Lugar de publicación, distribución, etc. Alicante :
Nombre del editor, distribuidor, etc. Confederación Española de Cajas de Ahorros,
Fecha de publicación, distribución, etc. 1981.
300 ## - DESCRIPCIÓN FÍSICA
Extensión 78 p. :
Otras características físicas il. ;
Dimensiones 22 cm.
490 1# - MENCIÓN DE SERIE
Mención de serie Publicaciones de la Caja de Ahorros Provincial de Alicante ;
Designación de volumen o secuencia 79
710 2# - ENTRADA AGREGADA--NOMBRE DE ENTIDAD CORPORATIVA
Nombre de entidad corporativa o nombre de jurisdicción como elemento de entrada Confederación Española de Cajas de Ahorros.
9 (RLIN) 3148
710 2# - ENTRADA AGREGADA--NOMBRE DE ENTIDAD CORPORATIVA
Nombre de entidad corporativa o nombre de jurisdicción como elemento de entrada Caja de Ahorros Provincial de Alicante.
9 (RLIN) 2280
830 00 - PUNTO DE ACCESO ADICIONAL DE SERIE-TÍTULO UNIFORME
Título uniforme Publicaciones de la Caja de Ahorros Provincial de Alicante
Designación de volumen o secuencia 79
9 (RLIN) 186986
852 ## - LOCALIZACIÓN
Ubicación ES-MaACL
Número de control de estantería L-940
Sublocalización o colección R.101881
Holdings
Estatus retirado Estado de pérdida Estado de daño No para préstamo Biblioteca de origen Biblioteca actual Ubicación en estantería Fecha de adquisición Fuente de adquisición Total de préstamos Signatura topográfica completa Código de barras Visto por última vez Precio de reemplazo Tipo de ítem Koha
        Biblioteca del Ateneo de Madrid Biblioteca del Ateneo de Madrid Depósito 2 17/01/2008     L-940 1114877 23/02/2023 23/02/2023 Libro impreso